书目信息 |
| 题名: |
现代巡洋舰、驱逐舰和护卫舰
|
|
| 作者: | 钱特 著 ;张国良 , 史强 , 汪宏海 译 | |
| 分册: | ||
| 出版信息: | 北京 中国市场出版社 2010 |
|
| 页数: | 250页 | |
| 开本: | 24cm | |
| 丛书名: | ||
| 单 册: | ||
| 中图分类: | E925.6 | |
| 科图分类: | ||
| 主题词: | 巡洋舰--简介--世界 , 驱逐舰--简介--世界 , 护卫舰--简介--世界 | |
| 电子资源: | ||
| ISBN: | 978-7-5092-0697-3 | |
| 000 | 01239nam0 22003131 45 | |
| 001 | 1256820797 | |
| 005 | 20120626164508.95 | |
| 010 | @a978-7-5092-0697-3@dCNY49.80 | |
| 100 | @a20120626d2010 em y0chiy50 ea | |
| 101 | 1 | @achi@ceng |
| 102 | @aCN@b110000 | |
| 105 | @aa z 000yy | |
| 106 | @ar | |
| 200 | 1 | @a现代巡洋舰、驱逐舰和护卫舰@AXian Dai Xun Yang Jian、 Qu Zhu Jian He Hu Wei Jian@f(英)克里斯·查恩特著@F( Ying ) Ke Li Si· Cha En Te Zhu@g张国良,史强,汪宏海译 |
| 210 | @a北京@c中国市场出版社@d2010 | |
| 215 | @a250页@c图@d24cm | |
| 312 | @a封面英文题名:Warships today | |
| 330 | @a本书囊括了当今世界最经典的各级驱逐舰、巡洋舰和护卫舰,全面讲述了它们的设计方案和发展历史,还极为详尽地列举出了包括舰体尺寸、推进系统、武器装备在内的各种技术规格,使读者对之有从外及内、由浅入深的全面了解。 | |
| 510 | 1 | @aWarships today@zeng |
| 606 | 0 | @a巡洋舰@x简介@y世界 |
| 606 | 0 | @a驱逐舰@x简介@y世界 |
| 606 | 0 | @a护卫舰@x简介@y世界 |
| 690 | @aE925.6@v4 | |
| 701 | 0 | @c(英)@a钱特@AQian Te@c(Chant, C.)@4著 |
| 702 | 0 | @a张国良@AZhang Guo Liang@4译 |
| 702 | 0 | @a史强@AShi Qiang@4译 |
| 702 | 0 | @a汪宏海@AWang Hong Hai@4译 |
| 801 | 0 | @aCN@b大连网信软件有限公司图书馆·11@c20120626 |
| 905 | @b0819626-28@dE925.6@e28@f3 | |
| 现代巡洋舰、驱逐舰和护卫舰/(英)克里斯·查恩特著/张国良,史强,汪宏海译.-北京:中国市场出版社,2010 |
| 250页:图;24cm |
| ISBN 978-7-5092-0697-3:CNY49.80 |
| 本书囊括了当今世界最经典的各级驱逐舰、巡洋舰和护卫舰,全面讲述了它们的设计方案和发展历史,还极为详尽地列举出了包括舰体尺寸、推进系统、武器装备在内的各种技术规格,使读者对之有从外及内、由浅入深的全面了解。 |
| ● |
| 相关链接 |
|
|
|
|
正题名:现代巡洋舰、驱逐舰和护卫舰
索取号:E925.6/28
 
预约/预借
| 序号 | 登录号 | 条形码 | 馆藏地/架位号 | 状态 | 备注 |
| 1 | 0819626 | 208196263 | 第一样本阅览室/ [索取号:E925.6/28] | 在馆 | |
| 2 | 0819627 | 208196272 | 第一借阅区/ [索取号:E925.6/28] | 在馆 | |
| 3 | 0819628 | 208196281 | 第一借阅区/ [索取号:E925.6/28] | 在馆 |